Errate den Anime 🧠 #1 - Statistiken

Allgemein
  • Dieses Quiz wurde 435 mal gespielt
  • Das Durchschnittsergebnis liegt bei 3 aus 15
Antwortstatistiken
Hinweise: Antworten: % Korrekt
Die Protagonistin ist nach einem Veilchen benannt und schreibt Briefe. Violet Evergarden
75%
Das Haupttrio kÀmpft mit Shikigamis, einem Hammer und FÀusten. Jujutsu Kaisen
56%
Der Hauptcharakter erlernt das ćè§Ł (Finale Befreiung). Bleach
42%
Lege niemals eine Banane in die Mikrowelle! Steins;Gate
34%
Kaori ist eine LĂŒgnerin. Your Lie in April.
21%
Der Anime erschien 2015 und trÀgt den Namen eines Satelliten. Charlotte
16%
Simon bohrt nicht nur in der Nase. Gurren Lagann
11%
Bekannte Fraktionen sind das Imperium Giad und die Republik San Magnolia. 86
9%
Das Manga Duo erschuf ebenfalls Death Note und Bakuman. Platinum End
4%
Der Hauptcharakter tauscht seine Erinnerungen gegen stÀrkere FÀhigkeiten. Black Summoner
3%
Junge und MĂ€dchen in einem SĂŒĂŸigkeitenladen? Dagashi Kashi
2%
Dystopischer Wit Sudio Anime, den jeder Trainspotter in sein Herz schließt. Kabaneri of the Iron Fortress
2%
Helle Sonne und dunkle Schatten. Summer Time Rendering
2%
Ein Japanischer Tourist bekommt eine GehirnwÀsche und wird zum Auftragskiller. Phantom: Requiem for the Phantom
1%
Der Protagonist mit seiner Oma, SĂ€ulen, ein Salat und ein schneller Wagen. JJBA: Battle Tendency
0%
Keine ĂŒbereinstimmenden Quizze gefunden
Verteilung der Resultate
Anzahl Personen mit jedem Resultat
Perzentil nach korrekt beantworteten Fragen
Ihre Resultats-Entwicklung
Sie haben dieses Quiz noch nicht gespielt